| 000 | 00464nam a2200157 4500 | ||
|---|---|---|---|
| 001 | 145115 | ||
| 003 | ES-MaACL | ||
| 005 | 20230906201151.0 | ||
| 007 | t| | ||
| 008 | 070214s1966 sp r ||||1| spa d | ||
| 100 | 1 |
_aSoto Nieto, Francisco. _9107521 |
|
| 245 | 1 | 0 |
_aClérigos y religiosos ante los tribunales del estado / _cFrancisco Soto Nieto. |
| 260 |
_aBarcelona : _bEd. Nauta, _c1966. |
||
| 300 |
_a243 p. ; _c21 cm. |
||
| 852 |
_aES-MaACL _jC-29622 _bR.59919 |
||
| 999 |
_c145115 _d145115 |
||